000 00582nam a2200229Ia 4500
003 OSt
005 20221007074146.0
006 a|||||r|||| 00| 0
007 ta
008 221006b |||||||| |||| 00| 0 eng d
024 _a27,344
037 _cTextual
040 _aFLL
_cFLL
_beng
041 _2eng
_aeng
082 _aZ52, G5
100 _aAli Hamid
245 0 _aOutline of Roman law
260 _aMadras
_bThe Hogarth Press, Mount Road India
_c1935
300 _aliii,1-278p
_ccm.
942 _hZ52, G5
_cTEXL
_2CC
999 _c1151377
_d1151377